00778nam a2200241Ia 450000500170000000800410001702000270005804000190008504100120010408200130011624500830012926000350021230000300024744000250027750400240030265000140032665100270034070000250036785000100039294200070040299900160040995201110042520240212095515.0131103s9999 xx 000 0 und d a041532776 8cGBP 19.99 aLoreto College aEnglish a370bBAL 4aThe RoutledgeFalmer reader in sociology of educationcEdited by Stephen J.Ball aLondonbRoutledge Falmerc2004 axii, 299 p.b ill.,tables aReaders In Education aIncludes references aEducation aSociology of Education aBall, Stephen J.,ed. aLCLIB cBK c2844d53323 00102ddc4070aMAINbMAINd2013-11-04l1o370 BAL 49411pB2705r2018-11-16s2018-11-16w2013-11-04yBKf